Library Banner

Total quality management (Record no. 4076)

MARC details
000 -LEADER
fixed length control field 00490nam a2200181Ia 4500
001 - CONTROL NUMBER
control field 3831
008 - FIXED-LENGTH DATA ELEMENTS--GENERAL INFORMATION
fixed length control field 140317s9999 xx 000 0 und d
020 ## - INTERNATIONAL STANDARD BOOK NUMBER
International Standard Book Number 0-87709-274-5
040 ## - CATALOGING SOURCE
Transcribing agency PK-LaUMT
082 ## - DEWEY DECIMAL CLASSIFICATION NUMBER
Classification number W 658.562
Item number PEG-T
100 ## - MAIN ENTRY--PERSONAL NAME
Personal name Pegels, C. Carl
245 ## - TITLE STATEMENT
Title Total quality management
Remainder of title a survey of its important aspects
Statement of responsibility, etc Pegels, C. Carl
260 ## - PUBLICATION, DISTRIBUTION, ETC. (IMPRINT)
Place of publication, distribution, etc New York,USA:
Name of publisher, distributor, etc Boyd & Fraser,
Date of publication, distribution, etc 1995
300 ## - PHYSICAL DESCRIPTION
Extent 283 p.
546 ## - LANGUAGE NOTE
Language note EN
650 ## - SUBJECT ADDED ENTRY--TOPICAL TERM
Topical term or geographic name as entry element Total quality management
942 ## - ADDED ENTRY ELEMENTS (KOHA)
Koha item type Books
Holdings
Withdrawn status Lost status Damaged status Not for loan Home library Current library Date acquired Total Checkouts Full call number Barcode Date last seen Price effective from Koha item type
        UMT Main Campus UMT Main Campus 2014-03-17   W 658.562 PEG-T 4375 2014-03-17 2014-03-17 Books